000 01351cam a2200313Ia 4500
001 u13836
003 SIRSI
005 20180220093721.0
008 960514s1995 dcua b 101 0 eng d
020 _a0841229953
039 9 _a200312221249
_bnehal
_y200203190943
_zload
040 _aEAL
050 _aSB950.93
_bI57 1995
111 2 _aInternational IUPAC Congress of Pesticide Chemistry
_n(8th :
_d1994 :
_cWashington, D.C.)
245 1 0 _aEighth International Congress of Pesticide Chemistry :
_boptions 2000 : proceedings of a conference /
_corganized by the American Chemical Society and sponsored by the International Union of Pure and Applied Chemistry, Washington, DC, July 4-9, 1994 ; edited by Nancy N. Ragsdale, Philip C. Kearney, Jack R. Plimmer.
260 _aWashington, DC :
_bThe Society,
_c1995.
300 _axiv, 450 p. :
_bill. ;
_c27 cm.
490 1 _aConference proceedings series
504 _aIncludes bibliographical references and index.
596 _a1
650 0 _aPesticides
_vCongresses
700 1 0 _aRagsdale, Nancy N.
700 1 0 _aKearney, P. C.
700 1 0 _aPlimmer, Jack R.
710 2 0 _aAmerican Chemical Society.
710 2 0 _aInternational Union of Pure and Applied Chemistry.
942 _cBK
_2lcc
999 _c22171
_d22171